Fr. Conceicao Rodrigues College of Engineering

understanding commercial radio circuits (Record no. 33641)

MARC details
000 -LEADER
fixed length control field 00331nam a2200145Ia 4500
082 ## - DEWEY DECIMAL CLASSIFICATION NUMBER
Classification number 621.384
100 ## - MAIN ENTRY--PERSONAL NAME
Personal name Marajhe/ S.
245 ## - TITLE STATEMENT
Title understanding commercial radio circuits
260 ## - PUBLICATION, DISTRIBUTION, ETC.
Name of publisher, distributor, etc. S.Marathe
Place of publication, distribution, etc. Bombay
Date of publication, distribution, etc. 1981
300 ## - PHYSICAL DESCRIPTION
Extent 130
546 ## - LANGUAGE NOTE
Language note ENGLISH
650 ## - SUBJECT ADDED ENTRY--TOPICAL TERM
Topical term or geographic name entry element Electrical Engineering
654 ## - SUBJECT ADDED ENTRY--FACETED TOPICAL TERMS
Focus term circuits
942 ## - ADDED ENTRY ELEMENTS (KOHA)
Koha item type BOOK
Holdings
Withdrawn status Lost status Damaged status Not for loan Collection Home library Current library Shelving location Date acquired Source of acquisition Cost, normal purchase price Inventory number Total Checkouts Full call number Barcode Date last seen Cost, replacement price Price effective from Koha item type
        AFT Fr. Agnel's C.Rodrigues College of Engineering Fr. Agnel's C.Rodrigues College of Engineering   17/03/2023 Cultural Book Depot 10.00 6163   621.384 AFT3363 17/03/2023 10.00 17/03/2023 BOOK